| 000 | 01652nam a2200385Ia 4500 | ||
|---|---|---|---|
| 001 | vtls003208890 | ||
| 003 | MY-SjTCS | ||
| 005 | 20200306171211.0 | ||
| 006 | m u | ||
| 007 | cr cn||||||||| | ||
| 008 | 100906s2007 enka sb 001 0 eng d | ||
| 010 | _z 2008-371730 | ||
| 020 | _z1860948685 | ||
| 020 | _z9781860948688 | ||
| 035 | _a(CaPaEBR)ebr10255769 | ||
| 039 | 9 |
_y201009061501 _zVLOAD |
|
| 040 |
_aCaPaEBR _cCaPaEBR |
||
| 050 | 1 | 4 |
_aTK5103.4877 _b.Y84 2007eb |
| 100 | 1 |
_aYuen, Chau. _9299200 |
|
| 245 | 1 | 0 |
_aQuasi-orthogonal space-time block code _h[electronic resource] / _cChau Yuen, Yong Liang Guan, Tjeng Thiang Tjhung. |
| 260 |
_aLondon ; _aImperial College Press ; _aHackensack, NJ : _bDistributed by World Scientific, _cc2007. |
||
| 300 |
_axi, 194 p. : _bill. (some col.). |
||
| 490 | 1 |
_aCommunications and signal processing ; _vv. 2 |
|
| 504 | _aIncludes bibliographical references (p. 184-190) and index. | ||
| 529 | _aTSLHHL | ||
| 533 |
_aElectronic reproduction. _bPalo Alto, Calif. : _cebrary, _d2009. _nAvailable via World Wide Web. _nAccess may be limited to ebrary affiliated libraries. |
||
| 650 | 0 |
_aSpace time codes. _9299201 |
|
| 650 | 0 |
_aMIMO systems. _942548 |
|
| 655 | 7 |
_aElectronic books. _2local _9201578 |
|
| 700 | 1 |
_aGuan, Yong Liang. _9299202 |
|
| 700 | 1 |
_aTjhung, Tjeng Thiang. _9299203 |
|
| 710 | 2 |
_aebrary, Inc. _925628 |
|
| 830 | 0 |
_aCommunications and signal processing (London, England) ; _vv. 2. _9299204 |
|
| 856 | 4 | 0 |
_uhttps://ezproxy.taylors.edu.my/login?url=http://site.ebrary.com/lib/taylorscollege/Doc?id=10255769 _zAn electronic book accessible through the World Wide Web; click to view |
| 999 | _c67673 | ||